000 00573nam a2200181 i 4500
001 91577
003 ES-MaACL
005 20230906180745.0
007 t|
008 050131s1980 sp ||||1| spa d
110 0 0 _aEspaña.
_tLeyes, etc.
_9184149
245 1 0 _aLey Orgánica General de Penitenciaría
_b: trabajos parlamentarios /
_c[edición por Fernando Saiz Moreno].
260 _a[Madrid] :
_bCortes Generales,
_c[1980]
300 _aXI, 279 p. ;
_c25 cm.
700 1 _aSainz Moreno, Fernando.
_9101603
852 _aES-MaACL
_jL-281
_bR.100792
999 _c91577
_d91577